Bad Things (All Lyrics) - Caitlin Russo - Statistics

General Stats
  • This quiz has been taken 11 times
  • The average score is 190 of 295
Answer Stats
Answer % Correct
a
100%
bad
80%
be
80%
Be
80%
Come
80%
come
80%
cowboy
80%
do
80%
do,
80%
don't
80%
go
80%
I
80%
me,
80%
me
80%
of
80%
on,
80%
on
80%
one
80%
saddle
80%
said,
80%
Then
80%
things
80%
up,
80%
us
80%
wanna
80%
We've
80%
With
80%
with
80%
you
80%
another
60%
babe,
60%
Baby,
60%
baby
60%
baby,
60%
been
60%
before
60%
better
60%
both
60%
caught
60%
'em
60%
fact,
60%
fire
60%
fireworks
60%
get
60%
girl
60%
give
60%
god,
60%
got
60%
here
60%
hesitate
60%
in
60%
In
60%
it
60%
let's
60%
like
60%
Like
60%
looking
60%
Matter
60%
my
60%
My
60%
off
60%
oh
60%
Oh,
60%
see
60%
set
60%
so
60%
to
60%
want
60%
what
60%
Won't
60%
your
60%
you're
60%
activate
40%
and
40%
arms
40%
back,
40%
bomb
40%
child
40%
drop,
40%
feel
40%
for
40%
grave
40%
hot,
40%
I'd
40%
I'm
40%
know
40%
not
40%
panties
40%
play
40%
playing
40%
put
40%
record
40%
shy
40%
start
40%
stop
40%
storm
40%
summer's
40%
take
40%
the
40%
tidal
40%
time
40%
too
40%
waiting
40%
war
40%
wave
40%
wild,
40%
wild
40%
coming
20%
Hand
20%
hand,
20%
It's
20%
mean,
20%
now
20%
ready
20%
right
20%
such
20%
No matching quizzes found
Score Distribution
Percent of People with Each Score
Percentile by Number Answered
Your Score History
You have not taken this quiz